Predicting FIFA 2026 World Cup Countries - Statistics

General Stats
  • This quiz has been taken 144 times
  • The average score is 39 of 48
Answer Stats
Answer % Correct
Group E Spain
94%
2nd Brazil
93%
Group D France
93%
CONMEBOL 1st Argentina
92%
UEFA Group A Germany
92%
Pass C Italy
92%
Group F Portugal
92%
Group J Belgium
91%
Host 2 Canada
91%
Group K England
91%
Host 3 Mexico
91%
CONCACAF Host 1 United States
91%
4th Uruguay
90%
Group G Netherlands
89%
Group C 2nd Australia
88%
5th Colombia
88%
3rd Ecuador
88%
Group C 1st Japan
88%
6th Paraguay
88%
OFC Champion New Zealand
87%
Group L Croatia
86%
CAF Group A Egypt
86%
Group C Denmark
85%
Group I Norway
85%
Pass A Sweden
85%
Group B Switzerland
85%
Group B South Korea
84%
Group E Morocco
82%
AFC Group A 1st Iran
81%
Group C South Africa
81%
Group H Austria
79%
Group G Algeria
78%
Group B Senegal
78%
Group I Ghana
76%
Group A Panama
76%
ICP Pass A Nigeria
75%
Pass D Serbia
75%
Group D Cameroon
72%
Group B Jamaica
72%
Pass A Qatar
72%
Pass B Saudi Arabia
72%
Group C Costa Rica
70%
Group H Tunisia
70%
Group F Cote d’Ivoire
66%
Group B Jordan
65%
Group A 2nd Uzbekistan
63%
Pass B Venezuela
50%
Pass B Turkiye
18%
No matching quizzes found
Score Distribution
Percent of People with Each Score
Percentile by Number Answered
Your Score History
You have not taken this quiz